| 000 -LEADER |
| fixed length control field |
00730nam a2200181 4500 |
| 020 ## - ISBN |
| ISBN |
9786210500479 |
| 082 ## - DEWEY DECIMAL CLASSIFICATION NUMBER |
| Classification number |
Fil. 899.2113 R6375f 2024 |
| 100 ## - MAIN ENTRY--PERSONAL NAME |
| Personal name |
Rodrigo, Didith T. |
| 245 ## - TITLE STATEMENT |
| Title |
Felice, noel, and the christmas disaster = |
| Remainder of title |
Felice, noel at namiligrong kapaskuhan / |
| Statement of responsibility, etc. |
written by Rodrigo, Didith T ; translated by Reg S. Rodrigo ; illustrated by Jhucel A. del Rosario |
| 260 ## - PUBLICATION, DISTRIBUTION, ETC. (IMPRINT) |
| Place of publication, distribution, etc. |
Makati City |
| Name of publisher, distributor, etc. |
The Bookmark, Inc. |
| Date of publication, distribution, etc. |
c2024 |
| 300 ## - PHYSICAL DESCRIPTION |
| Extent/Page number |
20 pages : |
| Other physical details |
chiefly color illustrations ; |
| Dimensions |
25 x 20 cm |
| 526 ## - STUDY PROGRAM INFORMATION NOTE |
| PROGRAM TYPE |
Literature (plays, poems, essays, literature in foreign languages) |
| 650 ## - SUBJECT ADDED ENTRY--TOPICAL TERM |
| Topical term or geographic name as entry element |
Christmas stories, Tagalog |
| 650 ## - SUBJECT ADDED ENTRY--TOPICAL TERM |
| Topical term or geographic name as entry element |
Disasters -- Juvenile literature |
| 650 ## - SUBJECT ADDED ENTRY--TOPICAL TERM |
| Topical term or geographic name as entry element |
Children's stories, Tagalog |
| 650 ## - SUBJECT ADDED ENTRY--TOPICAL TERM |
| Topical term or geographic name as entry element |
Children's stories, Philippine (English) |
| 942 ## - ADDED ENTRY ELEMENTS |
| Classification |
|
| Item type |
Book |